00569nam a2200205 a 4500001001300000003000900013005001700022008004100039020002300080082001500103100001900118245008100137260003200218300000900250500003500259505002500294650001000319650001500329700001900344nice12345678IN_TiNIC20260116013708.0050524s1984 dela grp 000 0 eng  a0670348 c39500a951.5bAVE aAvedon, John F aIn Exile from the Land of Snowsb the Dalai Lama and Tibet Since the Chinese aDelhibPenguin Books c1984 a391p aincludes index and biblioraphy2 aReferences and Index aTibet aDalai Lama1 aAvedon, John F